00309nam a2200121Ia 4500008004100000082001700041100002400058245002400082250000800106260004900114300000800163650001600171191201s2003 xx 000 0 und d a621.381bSCE aSCHILLING, Donald L 0aElectronic Circuits a3rd aN.DelhibTata McGraw Hill Pub. co. Ltdc2003 a936 aB.Tech(ECE)